<?xml version="1.0" encoding="UTF-8"?>
<collection xmlns="http://www.loc.gov/MARC21/slim">
    <record>
        <controlfield tag="001">15691</controlfield>
        <controlfield tag="005">20170831220607.0</controlfield>
        <datafield tag="037" ind1=" " ind2=" ">
            <subfield code="a">TAZ-TFM-2014-457</subfield>
        </datafield>
        <datafield tag="041" ind1=" " ind2=" ">
            <subfield code="a">spa</subfield>
        </datafield>
        <datafield tag="100" ind1="1" ind2=" ">
            <subfield code="a">Domínguez Albero, Saúl</subfield>
        </datafield>
        <datafield tag="245" ind1="0" ind2="0">
            <subfield code="a">Desarrollo sostenible, sostenibilidad urbana y ecobarrios</subfield>
        </datafield>
        <datafield tag="260" ind1=" " ind2=" ">
            <subfield code="a">Zaragoza</subfield>
            <subfield code="b">Universidad de Zaragoza</subfield>
            <subfield code="c">2014</subfield>
        </datafield>
        <datafield tag="506" ind1=" " ind2=" ">
            <subfield code="a">by-nc-sa</subfield>
            <subfield code="b">Creative Commons</subfield>
            <subfield code="c">3.0</subfield>
            <subfield code="u">http://creativecommons.org/licenses/by-nc-sa/3.0/</subfield>
        </datafield>
        <datafield tag="500" ind1=" " ind2=" ">
            <subfield code="a">The paradigm of sustainability, and in particular the Sustainable Development, has centered the speech and initiatives in combating anthropogenic environmental degradation since they first appeared in the Brundtland report in 1987. Thus, the current paper reflects on the major interpretations of this principle since its genesis and interests behind them, firstly from a global perspective to later focus on urban policies procedures, considering cities are the main agent in the decision-making process and the enclave where more than half of the world’s population reside. In the same vein, it analyzes one of the most popular proposals when it comes to comprehensive urban sustainability strategies, the eco-districts, an initiative that has been implemented in many parts of the European and Spanish geography.</subfield>
        </datafield>
        <datafield tag="520" ind1=" " ind2=" ">
            <subfield code="a">El paradigma de la sostenibilidad y en concreto el Desarrollo Sostenible han vertebrado el discurso y las iniciativas en la lucha contra la degradación antropogénica del medio ambiente desde su aparición en el informe Brundtland en 1987. Así las cosas, el presente trabajo reflexiona sobre las interpretaciones mayoritarias de este principio desde su génesis y los intereses presentes detrás de las mismas, inicialmente desde un perspectiva global para posteriormente centrarse en el ámbito de las políticas urbanas, siendo la ciudad agente principal de la toma de decisiones y enclave donde reside más de la mitad de la población mundial. En el mismo sentido, se analiza una de las propuestas de popularidad creciente en lo referido a estrategias integrales de sostenibilidad urbana, como son los ecobarrios, iniciativa puesta en práctica en numerosos lugares de la geografía europea y española.</subfield>
        </datafield>
        <datafield tag="521" ind1=" " ind2=" ">
            <subfield code="a">Máster Universitario en Sociología de las Políticas Públicas y Sociales</subfield>
        </datafield>
        <datafield tag="540" ind1=" " ind2=" ">
            <subfield code="a">Derechos regulados por licencia Creative Commons</subfield>
        </datafield>
        <datafield tag="653" ind1="1" ind2=" ">
            <subfield code="a">desarrollo sostenible</subfield>
        </datafield>
        <datafield tag="653" ind1="1" ind2=" ">
            <subfield code="a">sostenibilidad urbana</subfield>
        </datafield>
        <datafield tag="653" ind1="1" ind2=" ">
            <subfield code="a">ecobarrios</subfield>
        </datafield>
        <datafield tag="653" ind1="1" ind2=" ">
            <subfield code="a">políticas urbanas</subfield>
        </datafield>
        <datafield tag="653" ind1="1" ind2=" ">
            <subfield code="a">estrategias urbanas</subfield>
        </datafield>
        <datafield tag="653" ind1="1" ind2=" ">
            <subfield code="a">decrecimiento</subfield>
        </datafield>
        <datafield tag="653" ind1="1" ind2=" ">
            <subfield code="a">medio ambiente</subfield>
        </datafield>
        <datafield tag="653" ind1="1" ind2=" ">
            <subfield code="a">ecologismo</subfield>
        </datafield>
        <datafield tag="653" ind1="1" ind2=" ">
            <subfield code="a">políticas medioambientales</subfield>
        </datafield>
        <datafield tag="700" ind1=" " ind2=" ">
            <subfield code="a">González Ordovás, María José</subfield>
            <subfield code="e">dir.</subfield>
        </datafield>
        <datafield tag="710" ind1="2" ind2=" ">
            <subfield code="a">Universidad de Zaragoza</subfield>
            <subfield code="b">Psicología y Sociología</subfield>
            <subfield code="c">Sociología</subfield>
        </datafield>
        <datafield tag="856" ind1="0" ind2=" ">
            <subfield code="f">548206@celes.unizar.es</subfield>
        </datafield>
        <datafield tag="856" ind1="4" ind2=" ">
            <subfield code="s">2893554</subfield>
            <subfield code="u">http://zaguan.unizar.es/record/15691/files/TAZ-TFM-2014-457.pdf</subfield>
            <subfield code="y">Memoria (spa)</subfield>
        </datafield>
        <datafield tag="909" ind1="C" ind2="O">
            <subfield code="o">oai:zaguan.unizar.es:15691</subfield>
            <subfield code="p">driver</subfield>
            <subfield code="p">trabajos-fin-master</subfield>
        </datafield>
        <datafield tag="950" ind1=" " ind2=" ">
            <subfield code="a"></subfield>
        </datafield>
        <datafield tag="980" ind1=" " ind2=" ">
            <subfield code="a">TAZ</subfield>
            <subfield code="b">TFM</subfield>
            <subfield code="c">ECON</subfield>
        </datafield>
    </record>

    
</collection>